Nutrient analysis in water/ (Record no. 164810)

MARC details
000 -LEADER
fixed length control field 00750nam a2200253 a 4500
008 - FIXED-LENGTH DATA ELEMENTS--GENERAL INFORMATION
fixed length control field
049 0# - LOCAL HOLDINGS (OCLC)
Holding library MAIN
050 00 - LIBRARY OF CONGRESS CALL NUMBER
Classification number TX553.W3 NUT
003 - CONTROL NUMBER IDENTIFIER
control field
005 - DATE AND TIME OF LATEST TRANSACTION
control field 20230123134355.0
040 ## - CATALOGING SOURCE
Transcribing agency NUST
245 00 - TITLE STATEMENT
Title Nutrient analysis in water/
Statement of responsibility, etc. edited by Ross Sadler and Dan Wruck.
260 ## - PUBLICATION, DISTRIBUTION, ETC.
Place of publication, distribution, etc. London :
Name of publisher, distributor, etc. Commonwealth Science Council,
Date of publication, distribution, etc. 2001.
300 ## - PHYSICAL DESCRIPTION
Extent viii, 222 p. :
Other physical details ill. ;
Dimensions 25 cm.
504 ## - BIBLIOGRAPHY, ETC. NOTE
Bibliography, etc. note Includes bibliographical references.
650 #0 - SUBJECT ADDED ENTRY--TOPICAL TERM
Topical term or geographic name entry element Nutrition
General subdivision Water.
650 #0 - SUBJECT ADDED ENTRY--TOPICAL TERM
Topical term or geographic name entry element Water
General subdivision Nutrient analysis.
650 #0 - SUBJECT ADDED ENTRY--TOPICAL TERM
Topical term or geographic name entry element Water management.
700 1# - ADDED ENTRY--PERSONAL NAME
Personal name Sadler, Ross.
700 ## - ADDED ENTRY--PERSONAL NAME
Personal name Commonwealth secretariat.
700 ## - ADDED ENTRY--PERSONAL NAME
Personal name Wruck, Dan.
907 ## - LOCAL DATA ELEMENT G, LDG (RLIN)
a .b1023133x
b 14-02-07
c 14-02-07
942 ## - ADDED ENTRY ELEMENTS (KOHA)
Koha item type Ordinary Loan Books
Holdings
Date last seen Total Checkouts Full call number Barcode Cost, replacement price Price effective from Koha item type Lost status Source of classification or shelving scheme Damaged status Not for loan Collection Withdrawn status Home library Current library Shelving location Date acquired Cost, normal purchase price
01/23/2023   TX553.W3 NUT 92003021784 80.00 01/23/2023 BOOKS   LCC     NFIC   MAIN MAIN GEN 01/23/2023 80.00